Norddeutscher Postbezirk : (Record no. 1928)

000 -LEADER
fixed length control field 00460nam a22000977a 4500
008 - FIXED-LENGTH DATA ELEMENTS--GENERAL INFORMATION
fixed length control field 160425b xxu||||| |||| 00| 0 eng d
100 ## - MAIN ENTRY--AUTHOR'S NAME
Author's Name Sebastian, Fritz
245 ## - TITLE STATEMENT
Title Norddeutscher Postbezirk :
Remainder of title die Post des Norddeutschen Bundes 1867-1872 im Spiegel einer Spezial-Sammlung
260 ## - PUBLICATION, DISTRIBUTION, ETC. (IMPRINT)
Place of publication, distribution, etc. Hannover, Germany
Name of publisher, distributor, etc. Bruno Wilkens
Date of publication, distribution, etc. 1947
650 ## - TOPICAL TERM (Tag)
Topical term or geographic name Germany -- North German Confederation (1868-1871) | Postal History | 1867-1872 | 19th Century | Postal Markings | German States
Holdings
Withdrawn status Lost status Source of classification or shelving scheme Damaged status Koha normalized classification for sorting Not for loan Permanent Location Current Location Shelving location Date acquired Total Checkouts Full call number Barcode Date last seen Price effective from
        G6081 P856 S443   Northern Philatelic Library Northern Philatelic Library Closed Stacks 04/25/2016   G6081 P856 S443 1002234 04/25/2016 04/25/2016

Powered by Koha